00341nam a22001457a 4500003000400000008004100004020001800045082001400063100001700077245002400094250001400118260004100132300001100173650001100184OSt241022b |||||||| |||| 00| 0 eng d a9780500284018 a687.4 BLK aBLACK, Sandy aKnitwear in Fashion aPaperback aNew York,bThames and Hudson,c2005, a192 p. aB.FAD.